Guide to mutation detection (Record no. 50688)

MARC details
000 -LEADER
fixed length control field 01118nam a2200349Ia 4500
003 - CONTROL NUMBER IDENTIFIER
control field OSt
005 - DATE AND TIME OF LATEST TRANSACTION
control field 20220912150608.0
008 - FIXED-LENGTH DATA ELEMENTS--GENERAL INFORMATION
fixed length control field 220909b |||||||| |||| 00| 0 eng d
020 ## - INTERNATIONAL STANDARD BOOK NUMBER
International Standard Book Number 047123443 (pbk)
037 ## - SOURCE OF ACQUISITION
Terms of availability Textbook
040 ## - CATALOGING SOURCE
Original cataloging agency CSL
Language of cataloging eng
Transcribing agency CSL
041 ## - LANGUAGE CODE
Language code of text/sound track or separate title eng
100 ## - MAIN ENTRY--PERSONAL NAME
Personal name Taylor Graham R Ed.
245 #0 - TITLE STATEMENT
Title Guide to mutation detection
260 ## - PUBLICATION, DISTRIBUTION, ETC.
Place of publication, distribution, etc. New Jersey
Name of publisher, distributor, etc. John Wiley & Sons, Inc
Date of publication, distribution, etc. 2005
300 ## - PHYSICAL DESCRIPTION
Extent xiv, 330p.
Dimensions cm.
500 ## - GENERAL NOTE
General note Includes bibliographical references.; Index 321-330p.
-- cm.
650 ## - SUBJECT ADDED ENTRY--TOPICAL TERM
Topical term or geographic name entry element DNA mutational analysis-Instrumentation
650 ## - SUBJECT ADDED ENTRY--TOPICAL TERM
Topical term or geographic name entry element DNA mutational analysisMethods
650 ## - SUBJECT ADDED ENTRY--TOPICAL TERM
Topical term or geographic name entry element Gene dosage
650 ## - SUBJECT ADDED ENTRY--TOPICAL TERM
Topical term or geographic name entry element Mutation-Biology
650 ## - SUBJECT ADDED ENTRY--TOPICAL TERM
Topical term or geographic name entry element Biology
700 ## - ADDED ENTRY--PERSONAL NAME
Personal name Day Ian N M Ed.
942 ## - ADDED ENTRY ELEMENTS (KOHA)
Classification part G:63, P5 TG
Koha item type Textbook
Source of classification or shelving scheme Colon Classification (CC)
Holdings
Withdrawn status Lost status Damaged status Not for loan Home library Current library Date acquired Source of acquisition Total Checkouts Full call number Barcode Date last seen Price effective from Koha item type Public note
        Central Science Library Central Science Library 2022-09-12 008, 28/07/2006, Dhanraj Book House   G:63 P5 TG SL1378496 2022-09-12 2022-09-12 Textbook {Published in association with the human genome organization}
Copyright @ Delhi University Library System